[Event "HCL-B3578"]
[Site "www.playchess.de"]
[Date "2006.02.20"]
[Round "8"]
[White "nikolayk"]
[Black "zemljanin"]
[WhiteElo "1421"]
[BlackElo "1601"]
[PlyCount "112"]
[Result "0-1"]

1.e4 c5 2.Nf3 d6 3.Bc4 e6 4.O-O a6 5.a3 Nc6 6.Nc3 
b5 7.Be2 Bb7 8.d4 cxd4 9.Nxd4 Nf6 10.Ndxb5 axb5 
11.Bxb5 Be7 12.b4 O-O 13.Bg5 Ne5 14.Qd4 h6 15.Bf4 
Ng6 16.Bd2 Ba6 17.Bxa6 Rxa6 18.f3 Re8 19.f4 Qb6 
20.Qxb6 Rxb6 21.b5 Ra8 22.f5 exf5 23.exf5 Ne5 
24.a4 Nc4 25.Bf4 d5 26.a5 Rxa5 27.Rxa5 Nxa5 28.Bc7 
Nc4 29.Bxb6 Nxb6 30.Kh1 Bb4 31.Ne2 Ne4 32.h3 Bc5 
33.Rb1 d4 34.g4 Nc3 35.Nxc3 dxc3 36.Rd1 Kf8 37.Rd3 
Na4 38.Kg2 Ke7 39.Kf3 Kf6 40.Rd5 Ke7 41.Ke4 Bb6 
42.Re5+ Kf6 43.Kd5 Nb2 44.Re4 Nd1 45.Re1 Ne3+ 
46.Kc6 Bd4 47.Re2 Kg5 48.b6 Kf4 49.b7 Be5 50.Kd7 
Kf3 51.Re1 Kf2 52.Rb1 Ke2 {happy new year!}  
53.b8Q Bxb8 54.Rxb8 Nxc2 55.Ke7 Nd4 56.Kxf7 
c2 0-1

[Event "HCL-E1569"]
[Site "www.playchess.de"]
[Date "2006.02.20"]
[Round "9"]
[White "Wernswig"]
[Black "Tarrega"]
[WhiteElo "1372"]
[BlackElo "1594"]
[PlyCount "84"]
[Result "0-1"]

1.e4 {hi, have a nice game}  c5 {Thanks you too}  
2.f4 d5 3.e5 e6 4.Nf3 Nc6 5.d4 Qb6 6.c3 Nh6 7.Qb3 
cxd4 8.cxd4 Qxb3 9.axb3 Nf5 10.Bb5 Bd7 11.O-O 
Nfxd4 12.Nxd4 Nxd4 13.Bxd7+ Kxd7 14.Be3 Bc5 15.Nd2 
Rhc8 16.Kh1 Nc2 17.Rac1 Nxe3 18.Rf3 Nf5 19.g4 Nd4 
20.Rh3 Ne2 21.Rf1 h6 22.f5 Rcf8 23.f6 gxf6 24.exf6 
Rfg8 25.Rxh6 Rxg4 26.Nf3 Bd6 27.Rh7 Rf8 28.h3 Rg3 
29.h4 Bf4 30.h5 e5 31.Re1 Rxf3 32.Rxe2 Ke6 33.Rc2 
Kxf6 34.Rc7 Rxb3 35.Rd7 Ke6 36.Rc7 Rxb2 37.Kg1 a5 
38.Kf1 a4 39.Rc3 Rb3 40.Rc2 a3 41.Ra2 Rb1+ 42.Ke2 
Rb2+ 0-1

[Event "HCL-A2454"]
[Site "www.playchess.de"]
[Date "2006.02.20"]
[Round "11"]
[White "yannick"]
[Black "Phil_Ottis"]
[WhiteElo "1598"]
[BlackElo "1381"]
[PlyCount "138"]
[Result "0-1"]

1.e4 e5 2.Nf3 d6 3.Nc3 f6 4.Bb5+ c6 5.Bd3 d5 
6.exd5 cxd5 7.O-O a6 8.Re1 Bc5 9.Bf1 Nc6 10.d4 Bb4 
{let the slaughter begin!}  11.dxe5 {let's go}  
Kf8 {Nicely played.}  12.Bd2 {thanks}  Bg4 13.exf6 
Nxf6 14.h3 Bf5 15.Nh4 Bc8 16.Qf3 Nd4 17.Qd3 Nc6 
18.Qg3 Nd4 19.a3 {I thought you had disapered 
after such a time!}  Nxc2 {Sorry, I've been 
woeking a lot.}  20.axb4 {ok,I understand}  Nxa1 
21.Rxa1 Kf7 {I got lucky}  22.Nf3 {You won a rook} 
 Re8 {hope to win two!}  23.Nd4 {let's go}  Kg8 
24.Re1 Rxe1 25.Bxe1 Qe7 26.Qe3 Qxe3 27.fxe3 b5 
28.Bd3 Bb7 29.Bf5 Bc8 30.Bd3 Bb7 31.Bf5 Bc8 32.Bd3 
Bb7 33.Bf5 Bc8 34.Bd3 Bb7 35.Bf5 h6 36.g4 Re8 
37.Be6+ Kh7 38.Kf2 Ne4+ 39.Nxe4 dxe4 40.Kg3 g6 
41.Bb3 Rd8 42.Bc2 Rc8 43.Kf4 Rf8+ 44.Ke5 Rf1 
45.Bg3 Rh1 46.h4 Rg1 47.Ne2 Rg2 48.Bd1 Bc8 {nice 
move}  49.Kf4 {I haven't other possibility}  Be6 
{yeah, but that was a good one!}  50.Nd4 {thanks}  
Bd5 {again nice move, the earth is slow, but the 
oxan are patient}  51.Bc2 {I d'ont understand what 
do you mean}  g5+ {It's a joke from an old movie. 
It means that it might take me a while, but I'll 
get you eventually.

Sorry for the personal humor.}  52.hxg5 {ok,no 
problem}  hxg5+ 53.Ke5 Ba8 54.Be1 Rxg4 55.Kf5 Rg1 
56.Bd2 g4 57.Ne6 g3 58.Ng5+ Kh6 59.Nf7+ Kh5 60.Kf4 
g2 61.Kg3 Rc1 62.Kxg2 Rxc2 63.Kg3 Rxd2 64.Ne5 Rxb2 
65.Nd7 Rxb4 66.Nb6 Bc6 67.Nc8 Rc4 68.Kf4 b4 69.Nd6 
Rc1 0-1

[Event "HCL-E1571"]
[Site "www.playchess.de"]
[Date "2006.02.20"]
[Round "34"]
[White "yannick"]
[Black "Harijs"]
[WhiteElo "1553"]
[BlackElo "1846"]
[PlyCount "56"]
[Result "0-1"]

1.g4 d5 2.Bg2 Bxg4 3.Nc3 e6 4.h3 Bf5 5.d3 Nc6 6.e4 
dxe4 7.Bxe4 Bxe4 8.Nxe4 Nf6 9.Nf3 Nxe4 10.dxe4 
Qxd1+ 11.Kxd1 O-O-O+ 12.Bd2 Bc5 13.Ke2 f5 14.Be3 
Bxe3 15.Kxe3 Nb4 16.Rhc1 fxe4 17.Kxe4 Rhf8 18.a3 
Nd5 19.Ng5 h6 20.Nxe6 Rfe8 21.Kf5 g6+ 22.Kxg6 
Rxe6+ 23.Kh5 Nf6+ 24.Kh4 Rd4+ 25.Kg3 Ne4+ 26.Kf3 
Nd2+ 27.Kg2 Rg6+ 28.Kh1 Rh4 0-1

[Event "HCL-A2587"]
[Site "www.playchess.de"]
[Date "2006.02.20"]
[Round "1"]
[White "dynamike"]
[Black "Kinslayer"]
[WhiteElo "1442"]
[BlackElo "1684"]
[PlyCount "58"]
[Result "0-1"]

1.e4 c5 2.Nf3 Nc6 3.d4 cxd4 4.Nxd4 Nf6 5.Nc3 e5 
6.Nf5 d5 7.Bg5 d4 8.Bxf6 gxf6 9.Ne2 Qb6 10.Neg3 
Qxb2 11.Rb1 Qc3+ 12.Qd2 Qxd2+ 13.Kxd2 b6 14.Bb5 
Bd7 15.Nh5 Be7 16.Nhg7+ Kf8 17.h4 Rg8 18.Rhg1 Rxg7 
19.Nxg7 Kxg7 20.g4 h6 21.Rbf1 a6 22.Bc4 b5 23.Bd5 
Rc8 24.f4 exf4 25.Rxf4 Ne5 26.Rg3 Bd6 27.g5 Nc4+ 
28.Kd3 Bxf4 29.gxf6+ Kh8 0-1

[Event "HCL-A2585"]
[Site "www.playchess.de"]
[Date "2006.02.20"]
[Round "4"]
[White "wbaldan"]
[Black "Kannsnich"]
[WhiteElo "1388"]
[BlackElo "1322"]
[PlyCount "47"]
[Result "1-0"]

1.d4 Nf6 2.c4 g6 3.Nc3 Bg7 4.e4 d6 5.Be2 O-O 6.g4 
Nc6 7.d5 Ne5 8.g5 Ne8 9.h4 c5 10.h5 f6 11.f4 Nf7 
12.hxg6 hxg6 13.Nf3 Bg4 14.Nh4 Bxe2 15.Qxe2 Nh8 
16.f5 fxg5 17.Bxg5 Nf6 18.Nxg6 Kf7 19.Nxf8 Qxf8 
20.O-O-O Ke8 21.Nb5 Kd7 22.e5 Ne8 23.exd6 exd6 
24.Qe6+ 1-0

[Event "HCL-A2523"]
[Site "www.playchess.de"]
[Date "2006.02.20"]
[Round "14"]
[White "schachsky"]
[Black "Matu"]
[WhiteElo "1141"]
[BlackElo "1556"]
[PlyCount "96"]
[Result "0-1"]

1.e4 {Schönes Spiel zugewünscht!}  c6 {danke 
gleichfalls}  2.d4 d5 3.e5 Bf5 4.Bd3 Bxd3 5.Qxd3 
e6 6.Nf3 Nd7 7.O-O c5 8.dxc5 Nxc5 9.Qb5+ Qd7 
10.Qxd7+ Nxd7 11.Bf4 Ne7 12.Nbd2 Ng6 13.Bg3 h5 
14.c3 h4 15.Nxh4 Nxh4 16.b4 Be7 17.Nb3 b6 18.f4 
Nf5 19.Be1 Ne3 20.Rf3 Nc2 21.Rc1 Nxe1 22.Rxe1 Rc8 
23.Nd4 g6 24.g3 Rc4 25.Kg2 Bxb4 26.Nb5 {oopsy!}  
a6 27.cxb4 axb5 28.a3 Ke7 29.Ree3 Rhc8 30.Kh3 Nb8 
31.Kg4 d4 32.Red3 R4c3 33.Rxd4 Rxf3 34.Kxf3 Rc3+ 
35.Ke4 Rxa3 36.Rd6 Nd7 37.g4 Ra2 38.h4 Rg2 39.Kf3 
Rg1 40.h5 gxh5 41.gxh5 Rg8 42.Rd1 f6 43.exf6+ Nxf6 
44.Rh1 Rh8 45.h6 Ng8 46.Rh5 Nf6 47.Rxb5 Nd5 48.Ke4 
{!!}  Nc3+ 0-1

[Event "HCL-M822"]
[Site "www.playchess.de"]
[Date "2006.02.20"]
[Round "8"]
[White "Willy"]
[Black "steeve"]
[WhiteElo "1946"]
[BlackElo "1537"]
[PlyCount "103"]
[Result "1-0"]

1.e4 {Hi,good luck!}  e5 {thanks, you too}  2.Nf3 
Nc6 3.Bb5 a6 4.Ba4 Nf6 5.O-O Be7 6.Re1 b5 7.Bb3 d6 
8.h3 O-O 9.c3 Bb7 10.d4 Re8 11.Nbd2 Bf8 12.Ng5 Re7 
13.d5 Nb8 14.Nf1 Nbd7 15.Ng3 g6 16.Be3 h6 17.Nf3 
Bg7 18.a4 Nc5 19.Bc2 bxa4 20.Bxc5 dxc5 21.Bxa4 Ne8 
22.Nd2 Nd6 23.Qf3 c4 24.Qe2 a5 25.Ngf1 Ba6 26.Bc6 
Bb7 27.Bxb7 Nxb7 28.Qxc4 Qd6 29.Ne3 Qf6 30.Qc6 Rb8 
31.Qxf6 Bxf6 32.Nec4 Ra8 33.Ra2 Bg5 34.Nf3 Bf6 
35.b4 a4 36.Rea1 Nd6 37.Nxd6 cxd6 38.R2xa4 Rc8 
39.R4a8 Rec7 40.b5 Kg7 41.Rxc8 Rxc8 42.Rb1 Rxc3 
43.b6 Rc8 44.b7 Rb8 45.Ne1 Kf8 46.Nd3 Ke8 47.Rb5 
Bd8 48.Nb4 Bc7 49.Na6 Kd7 50.Nxb8+ Bxb8 51.Rb3 f5 
52.Rg3 1-0

[Event "HCL-B3910"]
[Site "www.playchess.de"]
[Date "2006.02.20"]
[Round "1"]
[White "Lenvig"]
[Black "Nutjob"]
[WhiteElo "1500"]
[BlackElo "1642"]
[PlyCount "41"]
[Result "0-1"]

1.Nf3 {my fyrst game on www.polaychess.com}  f5 
{Greetings,I wish you a good game!}  2.d4 d5 3.Nc3 
e6 4.e3 Nf6 5.a3 Nbd7 6.b4 c6 7.Bb2 Bd6 8.Bd3 O-O 
9.Nd2 e5 10.O-O e4 11.Be2 f4 12.exf4 Bxf4 13.Na4 
Nb6 14.Nxb6 Qxb6 15.c4 e3 16.c5 Qc7 17.Nf3 Ne4 
18.Bc1 Nxf2 19.Qb3 Re8 20.Ne5 Bxe5 
21.Bxe3 0-1

[Event "HCL-B3779"]
[Site "www.playchess.de"]
[Date "2006.02.20"]
[Round "10"]
[White "bob19"]
[Black "mn"]
[WhiteElo "1414"]
[BlackElo "1173"]
[PlyCount "61"]
[Result "1-0"]

1.e4 g6 2.Nf3 Bg7 3.Be2 c6 4.d4 d5 5.e5 f6 6.exf6 
Nxf6 7.h3 Bf5 8.Bd3 Nbd7 9.Bxf5 gxf5 10.Bf4 Qa5+ 
11.c3 Ne4 12.O-O O-O-O 13.Ne5 Nxe5 14.dxe5 e6 
15.f3 Qc5+ 16.Kh2 d4 17.cxd4 Rxd4 18.Qb3 Nf6 
19.exf6 Bxf6 20.Qxe6+ Rd7 21.Qxf6 Rf8 22.Qe5 Qxe5 
23.Bxe5 Re8 24.f4 Rg8 25.Na3 Rd2 26.Rfg1 b5 
27.Rac1 Kd7 28.Rcd1 Rgxg2+ 29.Rxg2 Rxd1 30.Nc2 Rc1 
31.Nd4 1-0

[Event "HCL-B3780"]
[Site "www.playchess.de"]
[Date "2006.02.20"]
[Round "6"]
[White "karpova"]
[Black "Macko"]
[WhiteElo "1530"]
[BlackElo "1705"]
[PlyCount "56"]
[Result "0-1"]

1.e4 Nc6 2.d4 e6 3.c4 Qh4 4.Nc3 Bb4 5.Bd2 Bxc3 
6.bxc3 Qxe4+ 7.Ne2 d5 8.f3 Qh4+ 9.g3 Qe7 10.Nf4 
Nf6 11.Be2 dxc4 12.Bxc4 e5 13.O-O exf4 14.Re1 Be6 
15.Bxe6 fxe6 16.Bxf4 O-O-O 17.Qb3 Rd5 18.Rab1 b6 
19.Qc4 Kb7 20.a4 Qd7 21.Re2 Rf8 22.Rbe1 Nh5 
23.R2xe6 Nxf4 24.gxf4 Rxf4 25.Kg2 Rg5+ 26.Kf2 Rh4 
27.Rh1 Rc5 28.dxc5 Rxc4 0-1

[Event "ACL-A660"]
[Site "www.playchess.de"]
[Date "2006.02.20"]
[Round "1"]
[White "PhilipKaveny"]
[Black "RUDI"]
[WhiteElo "1496"]
[BlackElo "1500"]
[PlyCount "61"]
[Result "1-0"]

1.e4 {Hello again}  e5 {hi Philip, you got a 
computer-program for chess?}  2.Bc4 {No don't but 
I think everybody else does. I promise at some 
point I make a  piece Sac}  Bc5 {well, here it`s 
allowed to use one. I don`t have one, so it`s 
"same procedure as every ..." if you ever saw 
"diner for one" you know what I mean}  3.Nf3 Nc6 
4.O-O Nf6 5.c3 O-O 6.d4 exd4 7.e5 dxc3 {got your 
e-mail, thanks. if I ever again come to the 
states, I`ll check out wisconsin and its people, 
you bet. And this is a surprising move for you, as 
I know, I have to get more inventive to keep some 
suspense.}  8.exf6 {Tah sure is inventive}  cxb2 
{almost through...}  9.Bxb2 {As we say in America 
The fur is flying}  g6 {means Rudi`s gone mad?}  
10.Ng5 {Dare I say this I will be in England and 
Belgium this summer with my wife for an accademic 
conference with my wife who is the professor. We 
should have a little tournament in a train 
station. Of course it is probably not possible but 
fun to think of}  d6 {nice idea}  11.Nxf7 {Okay I 
return the favor}  Rxf7 {will be interesting}  
12.Bxf7+ Kxf7 13.Qd5+ {opps I seem to have given 
back all the material}  Be6 {feel free to give - 
nothing wrong with it...}  14.Qg5 {tis more 
blessed to give than receieve}  Bd4 {so bad 
players go to heaven, good ones to A-league}  
15.Qh6 {Am I mad or brilliant}  Qg8 {hard to tell 
- many brilliant people are mad in the eyes of 
other people - but your queen?}  16.Bxd4 {Remmber 
Yet another axion queens and knights work well 
toghtere}  Nxd4 {it will be interesting...}  
17.Qd2 Nc6 18.Nc3 {BY  the way it is - 20 F here}  
Kxf6 {freezing cold. our snow is melting away and 
hope we get spring now. had winter since November 
now, quite enough}  19.Ne4+ {Where in Germany do 
you live. It is brave to take that pawn}  Ke7 
{it`s brave daring to play with you... I live in 
almost munich. 100 yards outside. The place is 
called Neuried}  20.Qg5+ {Munich one of my dearest 
frineds was station there as Young American 
soldier  over fifty years ago}  Kf8 {small world}  
21.f4 Qf7 {maybe this pawntaking wasn`t brave at 
all but goofy...but you could be running out of 
pawns}  22.Qb5 {heh Goofy is a cartoon chearacter 
at dog}  Rb8 {and a goof is a goof. but maybe I`ll 
survive these attacks}  23.Ng5 {Rudi I have you 
surrounded on all three  sides}  Bd7 {that`s 
right}  24.Nxf7 {so sorry But I was losing}  Kxf7 
{did I miss something!?}  25.Qg5 {Yes You lost 
your queen}  Bf5 {aha! no woman no cry...}  26.g4 
{It not over till the fat lady sings}  Be4 {don`t 
talk bad abot our chancellor Merkel...(fat lady)}  
27.f5 {Very good I hear she wears leather 
underwear}  Ne5 {you bet!}  28.fxg6+ Kg7 29.Qf6+ 
Kg8 30.gxh7+ Bxh7 {okay, this is yours. have a 
nice day and till next time}  31.h3 1-0

[Event "HCL-A2565"]
[Site "www.playchess.de"]
[Date "2006.02.20"]
[Round "6"]
[White "Maahinen"]
[Black "Lennin"]
[WhiteElo "1691"]
[BlackElo "1490"]
[PlyCount "51"]
[Result "1-0"]

1.d4 {Good luck from ottawa, canada}  Nf6 
{Greetings from Barcelona!}  2.c4 c5 3.d5 d6 4.Nc3 
e6 5.e4 exd5 6.cxd5 a6 7.a4 g6 8.h3 Bg7 9.Bd3 O-O 
10.Nf3 Qe7 11.O-O Nbd7 12.Re1 Ne5 13.Nxe5 Qxe5 
14.f4 Qe7 15.e5 Nd7 16.e6 Nf6 17.f5 b6 18.Bg5 Bb7 
19.Qb3 Qc7 20.exf7+ Kxf7 21.fxg6+ hxg6 22.Re6 b5 
23.axb5 axb5 24.Rxa8 Rxa8 25.Nxb5 Bxd5 
26.Rxf6+ 1-0

[Event "HCL-B3770"]
[Site "www.playchess.de"]
[Date "2006.02.20"]
[Round "3"]
[White "mib"]
[Black "arsenio"]
[WhiteElo "863"]
[BlackElo "1116"]
[PlyCount "88"]
[Result "0-1"]

1.e4 e6 2.Bc4 d5 3.exd5 exd5 4.Bb5+ c6 5.Be2 Nf6 
6.d3 Bd6 7.Nf3 O-O 8.Bg5 h6 9.Bxf6 Qxf6 10.c3 Bg4 
11.O-O Nd7 12.d4 Rfe8 13.Nbd2 Bxf3 14.Bxf3 Qf4 
15.g3 Qf6 16.Bg4 Qe7 17.Qc2 Nf6 18.Bf5 Nh7 
19.Bxh7+ Kh8 20.Bf5 g6 21.Bd3 c5 22.Nb3 b6 23.dxc5 
bxc5 24.Nd2 h5 25.Nf3 c4 26.Be2 Qxe2 27.Qxe2 Rxe2 
28.b3 cxb3 29.axb3 Bc5 30.Ng5 Kg7 31.Rae1 Rae8 
32.Nf3 R2xe1 33.Rxe1 {where from? am from Nigeria} 
 Rb8 {I am frpm the Philippines.}  34.b4 Bd6 
35.Nd4 Rc8 36.Nb5 Bb8 37.Rd1 a6 38.Nd4 Rxc3 39.Ne2 
Rc4 40.Rxd5 Rxb4 41.Ra5 Rb6 42.Nc3 Bc7 43.Nd5 Rb1+ 
44.Kg2 Bxa5 0-1

[Event "HCL-C4028"]
[Site "www.playchess.de"]
[Date "2006.02.20"]
[Round "6"]
[White "ronan48"]
[Black "Farquhart"]
[WhiteElo "920"]
[BlackElo "420"]
[PlyCount "29"]
[Result "1-0"]

1.e4 {Hello !}  e5 2.Nf3 d6 3.d4 Be6 4.d5 Bd7 
5.Nc3 Nf6 6.b3 Na6 7.Bxa6 bxa6 8.Qe2 Ng4 9.O-O h5 
10.h3 Nf6 11.Bg5 Be7 12.Qxa6 Nh7 13.Bxe7 Qxe7 
14.Nb5 Rb8 15.Nxc7+ 1-0

[Event "HCL-A2543"]
[Site "www.playchess.de"]
[Date "2006.02.20"]
[Round "3"]
[White "froilo"]
[Black "spongebobby"]
[WhiteElo "1386"]
[BlackElo "1273"]
[PlyCount "59"]
[Result "1-0"]

1.Nf3 d5 2.b3 f6 3.Bb2 e5 4.d3 Bc5 5.e3 Bg4 6.Be2 
Ne7 7.O-O O-O 8.d4 exd4 9.Bxd4 Nd7 10.Nbd2 Nf5 
11.Bb2 Bxf3 12.Nxf3 c6 13.Qd3 Nd6 14.c4 dxc4 
15.bxc4 Qb6 16.Rfb1 Rad8 17.Bxf6 Qxb1+ 18.Rxb1 
Nxf6 19.Qb3 Nfe4 20.Qc2 Rd7 21.Nd2 Nxd2 22.Qxd2 
Rfd8 23.Qc2 Nf7 24.Rd1 R7xd1+ 25.Bxd1 Ne5 26.h3 
Nxc4 27.Qxc4+ Kh8 28.Qxc5 Rxd1+ 29.Kh2 Kg8 
30.Qxa7 1-0

[Event "HCL-A2561"]
[Site "www.playchess.de"]
[Date "2006.02.20"]
[Round "5"]
[White "Sonea"]
[Black "nafets_bln"]
[WhiteElo "1415"]
[BlackElo "1322"]
[PlyCount "73"]
[Result "1-0"]

1.d3 {Grussen aus Imardin, Kyralia}  e5 {gruß 
zurück :-)}  2.Nd2 d5 3.Ngf3 Nc6 4.e4 d4 5.c3 Bc5 
6.Be2 Nh6 7.Nb3 Bb6 8.O-O Be6 9.cxd4 exd4 10.Qc2 
Qd7 11.Bd2 a5 12.Rac1 Nb4 13.Bxb4 axb4 14.Rca1 O-O 
15.Ne5 Qd6 16.Nc4 Qc6 17.Rfc1 Qd7 18.Nbd2 Ng4 
19.Qd1 Qb5 20.Bxg4 Qg5 21.Bxe6 fxe6 22.Nf3 Qb5 
23.Nxb6 Qxb6 24.b3 Ra5 25.Rc4 Rh5 26.Rac1 Rc8 
27.Qd2 c5 28.Rxb4 Qc6 29.Rbc4 b6 30.Nxd4 Qd6 
31.Nf3 Rf8 32.h3 e5 33.b4 Qg6 34.Kh2 Rf6 35.bxc5 
Rc6 36.cxb6 Rh6 37.R4xc6 1-0

[Event "HCL-B3881"]
[Site "www.playchess.de"]
[Date "2006.02.20"]
[Round "20"]
[White "WStanEvans"]
[Black "mitke"]
[WhiteElo "1386"]
[BlackElo "1291"]
[PlyCount "31"]
[Result "1-0"]

1.e4 d6 {hi from Croatia (EU)}  2.d4 {hi from 
Louisville, KY (USA)}  Nf6 3.Nc3 g6 4.Be2 Bg7 5.h3 
O-O 6.Be3 b6 7.Qd2 Nc6 8.f4 e5 9.fxe5 dxe5 10.d5 
Ne7 11.Nf3 c5 12.O-O Qc7 13.Rad1 Rd8 14.Bh6 Ne8 
15.Nb5 Nd6 16.Nxc7 1-0

[Event "HCL-A2586"]
[Site "www.playchess.de"]
[Date "2006.02.20"]
[Round "7"]
[White "MimiSiku"]
[Black "victorabiodun03"]
[WhiteElo "1457"]
[BlackElo "1357"]
[PlyCount "62"]
[Result "1/2-1/2"]

1.e4 {Hello again - let's have a nice match!}  e6 
2.d4 d5 {Hi}  3.exd5 exd5 4.Nf3 Nf6 5.Bd3 Bd6 
6.O-O O-O 7.Bg5 Nbd7 8.Nbd2 c6 9.b3 Qc7 10.Re1 h6 
11.Bh4 b6 12.Bg3 c5 13.dxc5 bxc5 14.c4 d4 15.Qc2 
Bb7 16.Be4 Bxg3 17.Bxb7 Bxf2+ 18.Kxf2 Qxb7 19.Re7 
Qc6 20.Rae1 Qd6 21.Kg1 Rfe8 22.R7xe8+ Rxe8 
23.Rxe8+ Nxe8 24.Qe4 Qe6 25.Qa8 Qe3+ 26.Kh1 Ndf6 
27.Qxa7 Ng4 28.h3 Nf2+ 29.Kh2 Qf4+ 30.Kg1 Qe3 
31.Kh2 Qf4+ {(offering draw)}  1/2-1/2

[Event "HCL-C4123"]
[Site "www.playchess.de"]
[Date "2006.02.20"]
[Round "6"]
[White "tbouma"]
[Black "Tribun"]
[WhiteElo "1165"]
[BlackElo "857"]
[PlyCount "60"]
[Result "0-1"]

1.d4 d5 2.Nf3 e6 3.Bf4 Qf6 4.Bxc7 Nc6 5.Bf4 Qxf4 
6.e3 Qc7 7.Bb5 Qb6 8.Qd3 a6 9.Ba4 Qxb2 10.O-O Qxa1 
11.Nc3 Qb2 12.Rb1 Qa3 13.Rb3 Qc1+ 14.Nd1 Nge7 
15.Rb2 Bd7 16.Qe2 Qa1 17.Bb3 Nb4 18.c3 Rc8 19.Qd2 
Nf5 20.Ne1 Bd6 21.Nc2 Nxc2 22.Qxc2 Rxc3 23.Qxc3 
Ba3 24.Rb1 Qxb1 25.Ba4 Bxa4 26.Qc8+ Ke7 27.Qc7+ 
Ke8 28.Qc8+ Ke7 29.Qc7+ Kf6 30.Qe5+ 
Kg6 0-1

[Event "HCL-E1539"]
[Site "www.playchess.de"]
[Date "2006.02.20"]
[Round "34"]
[White "mrchess"]
[Black "HOTSUN"]
[WhiteElo "1437"]
[BlackElo "1626"]
[PlyCount "91"]
[Result "1-0"]

1.d4 {good game}  d5 {u2}  2.e3 a6 3.c3 Nc6 4.Nd2 
Nf6 5.Ngf3 e6 6.Ng5 e5 7.dxe5 Nxe5 8.Ngf3 Bg4 
9.Be2 Bxf3 10.Nxf3 Nxf3+ 11.Bxf3 Be7 12.O-O Bd6 
13.g3 Be7 14.Qb3 b5 15.Rd1 c6 16.Rd4 Qc7 17.Qc2 
O-O {i was a bit lucky there.}  18.b3 Nd7 19.Bb2 
Bf6 20.Rd2 Rfe8 21.Rad1 Ne5 22.Be2 Rad8 23.Kg2 Ng6 
24.Bf3 Ne5 25.Qf5 Qe7 26.Be2 g6 27.Qb1 Bg7 28.Qc1 
Nd7 29.c4 Bxb2 30.Qxb2 dxc4 31.bxc4 bxc4 32.Qb7 
Rdb8 33.Qxd7 Qxd7 34.R2xd7 c3 35.Bxa6 Kg7 36.Bc4 
Rb2 {i told you you were going to beat me}  
37.Rxf7+ Kh6 38.Rd4 {yes}  Rxe3 39.Kh3 Re5 40.Rdd7 
Rh5+ 41.Kg2 Rf5 42.Rfxh7+ Kg5 43.h4+ Kf6 44.Rhf7+ 
Ke5 45.Rfe7+ Kf6 46.Re6+ 1-0

[Event "HCL-A2598"]
[Site "www.playchess.de"]
[Date "2006.02.20"]
[Round "3"]
[White "baggur"]
[Black "froilo"]
[WhiteElo "1600"]
[BlackElo "1463"]
[PlyCount "41"]
[Result "1-0"]

1.e4 c5 2.Nf3 d6 3.d4 cxd4 4.Nxd4 Nf6 5.Nc3 a6 
6.Bg5 e6 7.Qd2 Be7 8.O-O-O Nbd7 9.f3 O-O 10.Kb1 
Nh5 11.Bxe7 Qxe7 12.g4 Nhf6 13.h4 b5 14.h5 Bb7 
15.g5 Ne8 16.g6 fxg6 17.hxg6 h6 18.Bh3 e5 19.Nf5 
Qf6 20.Nd5 Qg5 21.Nfe7+ 1-0

[Event "HCL-A2605"]
[Site "www.playchess.de"]
[Date "2006.02.20"]
[Round "6"]
[White "Crusaders"]
[Black "mrchess"]
[WhiteElo "1554"]
[BlackElo "1438"]
[PlyCount "69"]
[Result "1-0"]

1.e4 {Hello ! Good luck and a nice game !}  c5 
{thanks you too
}  2.Nc3 Nc6 3.f4 d6 4.Nf3 Nf6 5.Bb5 Qb6 6.d3 Ng4 
7.h3 Nf6 8.Be3 a6 9.Bxc6+ bxc6 10.Rb1 g6 11.O-O 
Bg7 12.Qd2 d5 13.Na4 Qb4 14.Nxc5 Qxd2 15.Bxd2 dxe4 
16.Nxe4 Nxe4 17.dxe4 O-O 18.e5 e6 19.Bb4 Rd8 
20.Rbd1 Bb7 21.Kf2 Rd5 22.c4 Rdd8 23.Be7 Rdb8 
24.Rd7 h6 25.Bd6 Bc8 26.Rd8+ Kh7 27.Bxb8 Rxb8 
28.b3 f6 29.Rfd1 fxe5 30.Nxe5 Bxe5 31.fxe5 Ra8 
32.R1d6 g5 33.Rxc6 Bb7 34.Rxa8 Bxa8 
35.Rxe6 1-0

[Event "HCL-A2508"]
[Site "www.playchess.de"]
[Date "2006.02.20"]
[Round "13"]
[White "willem199"]
[Black "taroak"]
[WhiteElo "1426"]
[BlackElo "1399"]
[PlyCount "83"]
[Result "1-0"]

1.d4 Nf6 2.c4 e6 3.a3 d5 4.Bg5 Be7 5.Bxf6 Bxf6 
6.e3 O-O 7.Nc3 c6 8.Nf3 Nd7 9.Bd3 dxc4 10.Bxc4 b5 
11.Bb3 Bb7 12.O-O a6 13.Ne4 Be7 14.Bc2 c5 15.dxc5 
Nxc5 16.Ned2 Bf6 17.Rb1 Rc8 18.b4 Nd7 19.Be4 Bxe4 
20.Nxe4 Be7 21.Rc1 Nb6 22.Qxd8 Rfxd8 23.h3 Nc4 
24.Rc3 f5 25.Neg5 e5 26.h4 h6 27.Nh3 Bf6 28.g3 e4 
29.Nd4 Bxd4 30.exd4 Rxd4 31.Nf4 g5 32.hxg5 hxg5 
33.Ne6 Rd2 34.Nxg5 Kg7 35.Ne6+ Kf6 36.Nc5 e3 
37.fxe3 Rh8 38.Ne4+ Ke5 39.Nxd2 Nxd2 40.Rc5+ Ke4 
41.Rfxf5 Kxe3 42.Rc6 1-0

[Event "HCL-A2509"]
[Site "www.playchess.de"]
[Date "2006.02.20"]
[Round "31"]
[White "taroak"]
[Black "asskicker"]
[WhiteElo "1399"]
[BlackElo "1578"]
[PlyCount "56"]
[Result "0-1"]

1.e4 {Good Luck}  c5 {good luck you to as well.}  
2.Nf3 Nc6 3.d4 cxd4 4.Nxd4 Qb6 5.Nxc6 bxc6 6.Be2 
Ba6 7.O-O e5 8.Nc3 Nf6 9.Kh1 Bxe2 10.Qxe2 Be7 
11.b3 O-O 12.Bg5 d5 13.Na4 Qd8 14.Rad1 Nxe4 
15.Bxe7 Qxe7 16.c4 Nf6 17.Rfe1 Rfe8 18.f4 e4 
19.cxd5 cxd5 20.Nc3 Rad8 21.Nb5 a6 22.Nd4 Qd7 
23.Qxa6 Rda8 24.Qe2 Qg4 25.Qf2 e3 26.Qb2 Qxf4 
27.Rd3 Ng4 28.Ne2 Qb4 0-1

[Event "HCL-B3851"]
[Site "www.playchess.de"]
[Date "2006.02.20"]
[Round "7"]
[White "taroak"]
[Black "aquiles"]
[WhiteElo "1375"]
[BlackElo "1479"]
[PlyCount "27"]
[Result "1-0"]

1.d4 d5 2.Nc3 h6 3.Bf4 a6 4.e4 dxe4 5.Nxe4 Nf6 
6.Nxf6+ exf6 7.Bc4 Be7 8.Nf3 O-O 9.Qd2 Bg4 
10.O-O-O Bxf3 11.gxf3 Nd7 12.Bxh6 gxh6 13.Rhg1+ 
Kh7 14.Bd3+ 1-0